Rozpory v klíčové horizontální linii managementu podniku a možnosti jejich řešení. 2
Rozpory v oblasti prípravy výroby - marketing, predaj. Všeobecné princípy zmierňovania rozporov. Výber vhodného riešenia konkrétnych roporov.
Na minha lista:
| Autor principal: | |
|---|---|
| Formato: | Capítulo de Livro |
| Idioma: | tcheco |
| Assuntos: | |
| Tags: |
Sem tags, seja o primeiro a adicionar uma tag!
|
MARC
| LEADER | 00000naa a2200000 4500 | ||
|---|---|---|---|
| 001 | r027216 | ||
| 005 | 20230922090121.7 | ||
| 041 | 0 | |a cze | |
| 044 | |a CZ | ||
| 245 | 1 | 0 | |a Rozpory v klíčové horizontální linii managementu podniku a možnosti jejich řešení. 2 |c Jan Tomek |
| 520 | |a Rozpory v oblasti prípravy výroby - marketing, predaj. Všeobecné princípy zmierňovania rozporov. Výber vhodného riešenia konkrétnych roporov. | ||
| 610 | 2 | 0 | |a riadenie podnikové |
| 610 | 2 | 0 | |a riadenie výroby |
| 610 | 2 | 0 | |a riadenie predaja |
| 610 | 2 | 0 | |a marketing manažment |
| 610 | 2 | 0 | |a podnik |
| 610 | 2 | 0 | |a manažment |
| 610 | 2 | 0 | |a rozhodovanie |
| 100 | 1 | |a Tomek, Jan | |